Normal view
MARC view
- NC HIFZA ARIF NC MUHAMMAD AFAQ KHAN
Entry Personal Name
001 - CONTROL NUMBER
- control field: 70626
003 - CONTROL NUMBER IDENTIFIER
- control field: NUST
005 - DATE AND TIME OF LATEST TRANSACTION
- control field: 20210628204528.0
008 - FIXED-LENGTH DATA ELEMENTS
- fixed length control field: 210628|| aca||aabn | a|a d
040 ## - CATALOGING SOURCE
- Original cataloging agency: NUST
- Transcribing agency: NUST
100 ## - HEADING--PERSONAL NAME
- Personal name: NC HIFZA ARIF NC MUHAMMAD AFAQ KHAN
670 ## - SOURCE DATA FOUND
- Source citation: Work cat.: (NUST): NC HIFZA ARIF NC MUHAMMAD AFAQ KHAN , PR-SOF-1834-Audio Transcription for Security Purposes, 2019
